The million-dollar financial services practice : (Record no. 18771)
[ view plain ]
| 000 -LEADER | |
|---|---|
| fixed length control field | 00915cam a22002774a 4500 |
| 001 - CONTROL NUMBER | |
| control field | 14949967 |
| 005 - DATE AND TIME OF LATEST TRANSACTION | |
| control field | 20141214154023.0 |
| 008 - FIXED-LENGTH DATA ELEMENTS--GENERAL INFORMATION | |
| fixed length control field | 070801t2008 xxu frb 001 0 eng d |
| 010 ## - LIBRARY OF CONGRESS CONTROL NUMBER | |
| LC control number | 2007031495 |
| 020 ## - INTERNATIONAL STANDARD BOOK NUMBER | |
| International Standard Book Number | 9780814480526 |
| 020 ## - INTERNATIONAL STANDARD BOOK NUMBER | |
| International Standard Book Number | 0814480527 |
| 040 ## - CATALOGING SOURCE | |
| Original cataloging agency | DLC |
| Transcribing agency | DLC |
| Modifying agency | DLC |
| -- | EG-ScBUE |
| 082 00 - DEWEY DECIMAL CLASSIFICATION NUMBER | |
| Classification number | 332.1068 |
| Edition number | 22 |
| Item number | MUL |
| 100 1# - MAIN ENTRY--PERSONAL NAME | |
| Personal name | Mullen, David J., |
| Titles and other words associated with a name | Jr. |
| 9 (RLIN) | 36915 |
| 245 14 - TITLE STATEMENT | |
| Title | The million-dollar financial services practice : |
| Remainder of title | a proven system for becoming a top producer / |
| Statement of responsibility, etc | David J. Mullen, Jr. |
| 260 ## - PUBLICATION, DISTRIBUTION, ETC. (IMPRINT) | |
| Place of publication, distribution, etc | New York, United States : |
| Name of publisher, distributor, etc | AMACOM, |
| Date of publication, distribution, etc | c.2008. |
| 300 ## - PHYSICAL DESCRIPTION | |
| Extent | vii, 344 p. ; |
| Dimensions | 24 cm. |
| 500 ## - GENERAL NOTE | |
| General note | Index : p. 337-344. |
| 504 ## - BIBLIOGRAPHY, ETC. NOTE | |
| Bibliography, etc | Bibliography : p. 315-336. |
| 650 #0 - SUBJECT ADDED ENTRY--TOPICAL TERM | |
| Topical term or geographic name as entry element | Financial planners |
| 9 (RLIN) | 36916 |
| 650 #0 - SUBJECT ADDED ENTRY--TOPICAL TERM | |
| Topical term or geographic name as entry element | Financial services industry |
| 9 (RLIN) | 3475 |
| 650 #0 - SUBJECT ADDED ENTRY--TOPICAL TERM | |
| Topical term or geographic name as entry element | Investment advisors |
| 9 (RLIN) | 36917 |
| 653 ## - INDEX TERM--UNCONTROLLED | |
| Resource For college | BAEPS, Business Administration |
| Arrived date list | December2014 |
| 655 ## - INDEX TERM--GENRE/FORM | |
| Form subdivision | |
| -- | 34232 |
| 942 ## - ADDED ENTRY ELEMENTS (KOHA) | |
| Source of classification or shelving scheme | Dewey Decimal Classification |
| Call number prefix | 332.1068 MUL |
| Withdrawn status | Item status | Source of classification or shelving scheme | Damaged status | Not for loan | Vendor | Home library | Current library | Shelving location | Date acquired | Source of acquisition | Cost, normal purchase price | Serial Enumeration / chronology | Total Checkouts | Full call number | Barcode | Date last seen | Cost, replacement price | Koha item type |
|---|---|---|---|---|---|---|---|---|---|---|---|---|---|---|---|---|---|---|
| Dewey Decimal Classification | Baccah | Central Library | Central Library | First floor | 14/12/2014 | 168.00 | 20677 | 332.1068 MUL | 000037168 | 15/07/2025 | 210.00 | Book - Borrowing |